[Event "GER Seniors Derby 13th"]
[Site "Wesel Undeloh"]
[Date "2014.05.07"]
[Round "2"]
[White "Ohst, Edgar"]
[Black "Mahnke, Udo"]
[Result "1/2-1/2"]
[WhiteElo "1640"]
[BlackElo "1534"]
[PlyCount "94"]
[EventDate "2014.05.07"]
[EventType "swiss"]
[EventRounds "9"]
[EventCountry "GER"]
[SourceTitle "EXT 2018"]
[Source "ChessBase"]
[SourceDate "2017.10.13"]
[SourceVersion "1"]
[SourceVersionDate "2017.10.13"]
[SourceQuality "1"]

1. d4 d5 2. Bf4 Bg4 3. h3 Bh5 4. Nd2 Nf6 5. Ngf3 e6 6. g4 Bg6 7. Ne5 Bd6 8. Nxg6 hxg6 9. Bxd6 Qxd6 10. Bg2 Nc6 11. c3 e5 12. dxe5 Nxe5 13. Qa4+ Qc6 14. Qd4 Qd6 15. 0-0-0 Nc6 16. Qe3+ Qe7 17. Qxe7+ Nxe7 18. e4 0-0-0 19. exd5 Nfxd5 20. Nc4 Nf4 21. Rxd8+ Rxd8 22. Be4 f5 23. Bc2 Nd3+ 24. Bxd3 Rxd3 25. Ne3 Rd7 26. Rd1 c6 27. Rxd7 Kxd7 28. Kd2 Kd6 29. Ng2 Ke5 30. Ke3 Nd5+ 31. Kf3 Nb6 32. Ne1 Nc4 33. Nd3+ Kf6 34. Ke2 b6 35. b3 Nd6 36. f3 c5 37. c4 Nf7 38. f4 Nd6 39. Ne5 Ne4 40. Ke3 g5 41. Nc6 gxf4+ 42. Kxf4 g5+ 43. Ke3 Nc3 44. gxf5 Nxa2 45. Nxa7 Nc1 46. Nc8 Nxb3 47. Nxb6 Kxf5 1/2-1/2